00318cam a22001097a 4500008004000000082001500040100003100055245006200086260002600148300000900174650002500183180718b1958 xxu||||| |||| 00| 0 eng d aP1108 M827 aMorley, W. Fenton, et. al. aThree-year teacher trainingcby W. Fenton Morley, et. al. aLondonbMethuenc1958 a52p. aTeachers - Education